000 00385nam a22001697a 4500
003 MPLRDC
005 20220104142628.0
008 210129b ||||| |||| 00| 0 eng d
082 _a805.179 FS
100 _a冯式编著
245 _a商业英语通信
_c
250 _a初版
260 _a
_b香港宏业书局
_c1962
300 _b
650 _a
942 _cBK
_o805.179 FS
999 _c32421
_d32411